00321nam a2200097Ia 4500008004100000082001500041100001100056245005100067260003900118650006600157211119s9999||||xx |||||||||||||| ||und|| a541bROY.B aRoy, B 0aUGC-CSIR Jrf/net:Chemical Sciences (chemistry) bDanika Publishinga2012cNew Delhi aSciencevPhysical chemistryChemistryxPost Graduate Reference